000 02041cam a2200169 4500500
005 20260208010802.0
041 _afre
042 _adc
100 1 0 _aLorvellec, Yves
_eauthor
245 0 0 _aFabio Merlini, L’Époque de la performance insignifiante, trad. de l’italien par Sabine Plaud, Paris, Le Cerf, 2011, 208 p., 23 €
260 _c2012.
500 _a39
520 _aRésuméLa seule alternative au dualisme est-elle la thèse de l’identité entre états mentaux et états cérébraux ? Non, si on en croit Alva Noë ( Out of our Heads, 2009) et W. Teed Rockwell ( Neither Brain nor Ghost, 2005). Privilégiant les interactions entre cerveau, corps et environnement, ils entendent proposer une critique des fondements des neurosciences cognitives. Cependant, ni la conception énactiviste de Noë, ni la conception néopragmatiste de Rockwell n’ont les implications bouleversantes qu’elles prétendent avoir. Le conflit apparent des théories semble en outre se ramener à des différences de perspective sur la cognition, l’esprit et la conscience.
520 _aIs The Reputation of the Brain Overrated? The “Standard conception” and its OpponentsIs the claim that mental states and brain states are identical the only alternative to Cartesian dualism? Alva Noë and W. Teed Rockwell both challenge this view and elaborate a critique of the principles of cognitive neuroscience that draws on an analysis of the interactions between brain, body and the external environment. However, neither Noë’s enactivist view, nor Rockwell’s pragmatic conception do have the groundbreaking implications they are supposed to have. Moreover, the alleged conflict between these rival conceptions seems to be reducible to differences of perspective on cognition, mind and consciousness.
786 0 _nRevue philosophique de la France et de l'étranger | 137 | 4 | 2012-11-28 | p. 551j-562j | 0035-3833
856 4 1 _uhttps://shs.cairn.info/revue-philosophique-2012-4-page-551j?lang=fr&redirect-ssocas=7080
999 _c1658189
_d1658189